Germans - Sudden Death - Statistics

General Stats
  • This quiz has been taken 876 times
    168 since last reset
  • The average score is 13 of 17
Answers on the Grid
Answers color-coded by a green-red scale on the quiz's grid according to % correct below.
Martin Luther
Baruch Spinoza
Otto von Bismarck
Ludwig van Beethoven
Magnus Carlsen
Victor Hugo
Johannes Gutenberg
Louis Pasteur
Richard Wagner
Franz Beckenbauer
Jacques Chirac
Friedrich Nietzsche
Charles Aznavour
Konrad Zuse
Johan Cruyff
Dirk Nowitzki
Vincent van Gogh
Arthur Schopenhauer
Johannes Vermeer
Michael Schumacher
Albrecht Dürer
Édith Piaf
Carl Benz
Jules Verne
Friedrich Schiller
Steffi Graf
Zinedine Zidane
Carl Friedrich Gauss
Voltaire
Angela Merkel
 
Answer Stats
Answer % Correct
Otto von Bismarck
89%
Johannes Gutenberg
85%
Martin Luther
84%
Angela Merkel
83%
Carl Benz
83%
Ludwig van Beethoven
81%
Richard Wagner
80%
Franz Beckenbauer
79%
Friedrich Nietzsche
78%
Michael Schumacher
78%
Friedrich Schiller
74%
Arthur Schopenhauer
73%
Carl Friedrich Gauss
72%
Albrecht Dürer
70%
Steffi Graf
69%
Dirk Nowitzki
55%
Konrad Zuse
54%
No matching quizzes found
Score Distribution
Percent of People with Each Score
Percentile by Number Answered
Your Score History
You have not taken this quiz since the last reset